Vi sinh học đại cương

Uloženo v:
Podrobná bibliografie
Hlavní autor: Nguyễn Thành Đạt
Médium: Kniha
Vydáno: H. Giáo dục 1979
Edice:Sách đại học sư phạm
Témata:
Tagy: Přidat tag
Žádné tagy, Buďte první, kdo otaguje tento záznam!
Thư viện lưu trữ: Trung tâm Học liệu Lê Vũ Hùng, Trường Đại học Đồng Tháp
LEADER 00678pam a22002178a 4500
001 00022092
005 20171026081022.0
008 110527s1979 ||||||Viesd
041 0 # |a Vie 
082 1 4 |a 579  |b V300S 
100 0 # |a Nguyễn Thành Đạt 
245 0 0 |a Vi sinh học đại cương  |c Nguyễn Thành Đạt 
260 # # |a H.  |b Giáo dục  |c 1979 
300 # # |a 223 tr.  |c 27 cm. 
490 # # |a Sách đại học sư phạm 
650 # 4 |a Vi sinh học 
653 # # |a Đại cương 
852 # # |b Kho đọc  |j KD.0007714 
852 # # |j KD.0007714 
910 0 # |a nhnam  |d 27/05/2011 
980 # # |a Trung tâm Học liệu Lê Vũ Hùng, Trường Đại học Đồng Tháp